[Event "RSA-chT U10"]
[Site "Cape Town"]
[Date "2016.01.06"]
[Round "5.4"]
[White "De Wet, Christiaan"]
[Black "Lagardien, Ismaeel"]
[Result "0-1"]
[WhiteElo "1006"]
[BlackElo "1125"]
[PlyCount "75"]
[EventDate "2016.01.04"]
[EventType "team-tourn"]
[EventRounds "7"]
[EventCountry "RSA"]
[SourceTitle "CBM 170 Extra"]
[Source "ChessBase"]
[SourceDate "2016.02.25"]
[SourceVersion "1"]
[SourceVersionDate "2016.02.25"]
[SourceQuality "1"]
[WhiteTeam "Tshwane"]
[BlackTeam "Nelson Mandela Bay"]
[WhiteTeamCountry "RSA"]
[BlackTeamCountry "RSA"]

1. e4 e5 2. Nf3 Nf6 3. Nc3 Nc6 4. Bc4 Bc5 5. d3 h6 6. Be3 Bb6 7. Qd2 Bxe3 8. fxe3 0-0 9. 0-0-0 d6 10. Rhg1 Be6 11. h4 d5 12. exd5 Bxd5 13. Nxd5 Nxd5 14. g4 g6 15. e4 Nf4 16. Nxe5 Nxe5 17. Qxf4 Nxc4 18. Qxh6 Ne5 19. g5 Nf3 20. h5 Qd4 21. hxg6 Qg7 22. Qh7+ Qxh7 23. gxh7+ Kh8 24. g6 fxg6 25. Rxg6 Ne5 26. Rg8+ Rxg8 27. hxg8Q+ Kxg8 28. d4 Nf3 29. d5 Re8 30. Rf1 Nd4 31. c3 Ne2+ 32. Kd2 Rxe4 33. Rf2 Nf4 34. c4 Rxc4 35. Ke3 Nxd5+ 36. Kd3 Rf4 37. Rg2+ Kf7 38. Rg5 0-1